Alphabetically Adjacent European Countries Quiz Stats

 Plays Quiz Updated Jan 20, 2017

Challenge
Share
Tweet
Embed
Score 0/47 Timer 01:00
16 Plays Today
Country % Correct
France
93.3%
Germany
92.9%
Vatican City
89.4%
Andorra
89.3%
Finland
88.3%
Greece
84.7%
Albania
83%
Ireland
82.5%
Belarus
82.4%
Ukraine
81.6%
Italy
81.4%
Sweden
81.4%
Spain
81.4%
United Kingdom
80.3%
Kosovo
79.5%
Estonia
77.7%
Poland
77.5%
Denmark
77.1%
Romania
76.8%
Austria
76.6%
Belgium
76.1%
Norway
74.7%
Bosnia and Herzegovina
74.2%
Czechia
73.5%
Country % Correct
Iceland
73.3%
Hungary
73%
Switzerland
72.7%
Slovenia
71.8%
Portugal
70.1%
Netherlands
69.8%
Russia
69.3%
San Marino
69.2%
Cyprus
68.6%
Croatia
65.5%
Latvia
62.6%
Bulgaria
61.5%
Liechtenstein
60.2%
Luxembourg
59.6%
Montenegro
58.6%
Moldova
58.3%
Macedonia
58.1%
Turkey
57.7%
Malta
56.6%
Lithuania
56.3%
Slovakia
54.7%
Serbia
54.2%
Monaco
53.7%

You're not logged in!

Compare scores with friends on all Sporcle quizzes.
OR
Log In

You Might Also Like...

Show Comments

Extras

Top Quizzes Today


Score Distribution

Your Account Isn't Verified!

In order to create a playlist on Sporcle, you need to verify the email address you used during registration. Go to your Sporcle Settings to finish the process.

Report this User

Report this user for behavior that violates our Community Guidelines.

Details: